Anke dala silu a odvahu jej viera

Bibliographic Details
Main Author: Badíková, Aďa (Author)
Format: Article
Language:Slovak
PhysicalDescription:Fotografie
ISSN:1338-4201
Subjects:

MARC

LEADER 00000nab a2200000 4500
001 vtls011832121
003 SK-MaSNL
005 20260305030850.0
008 190104|2018 xo |||| || ||00 0|slo
040 |e rda 
041 |a slo 
043 |a e-xo 
044 |a xo  |c SK 
072 7 |a 272  |x Rímskokatolícka cirkev  |2 konspekt 
080 |a 27-528  |2 2011 
100 1 |a Badíková, Aďa  |4 aut  |9 1608234 
245 1 0 |a Anke dala silu a odvahu jej viera  |c Aďa Badíková 
300 |b Fotografie 
336 |a text  |b txt  |2 rdacontent 
337 |a bez média  |b n  |2 rdamedia 
338 |a zväzok  |b nc  |2 rdacarrier 
600 1 7 |a Kolesárová, Anna,  |c blahoslavená,  |d 1928-1944  |2 mizkgz  |9 55771 
650 0 7 |a kresťanský život  |2 mizkgz  |9 1808 
650 0 7 |a kresťanské mučeníčky  |2 mizkgz  |9 125766 
650 0 7 |a liturgická spomienka  |2 mizkgz  |9 1608235 
650 0 7 |a 20.11.2018  |2 mizkgz  |9 1608236 
650 0 7 |a rodáci  |2 mizkgz  |9 30842 
651 7 |a Michalovce (Slovensko)  |2 mizkgz  |9 22487 
651 7 |a Vysoká nad Uhom (Slovensko)  |2 mizkgz  |9 51791 
651 7 |a Michalovce (Slovensko : okres)  |2 mizkgz  |9 19216 
773 0 |t don bosco dnes  |g Roč. XLIX, č. 6 (2018), s.16  |x 1338-4201 
787 0 8 |i Rec.: 
999 |c 3313496  |d 3315426